00827nam a2200205 i 450000100060000000300090000600500170001500700030003200800410003510000490007624500860012526000550021130000420026650000570030865100370036571000440040285200320044699900170047895201260049595834ES-MaACL20251017063056.0t|050606s1959 sp ||||1| spa d1 aMacabich Llobet, Isidoro, d1883-197397504710aHistoria de Ibiza. T. IX Corso b: (apéndices) / cpor Isidoro Macabich Llobet. aPalma de Mallorca : b[s.n.], c1959 (fImp. Alfa) a209 p., 3 h., lám. XVIII ; c25 cm. aPrecede al tít.: Casa de Ibiza. Palma de Mallorca. 4aIbiza (Isla)-xHistoria.91684912 aCasa de Ibiza (Palma de Mallorca)92472 aES-MaACLjC-17408 bR.42801 c95834d95834 00104070aATENEOMbATENEOMcGaleríad2008-01-17eSCl0oC-17408p1100067r2023-02-23 00:00:00w2023-02-23yMONOGRAFIA